|
|
|
|
| LEADER |
00000nam a2200000 4500 |
| 001 |
vtls011745218 |
| 003 |
SK-MaSNL |
| 005 |
20260301044715.0 |
| 008 |
180308s2017 xr a g 001 0dcze |
| 020 |
|
|
|a 9788090675148
|q (brožované)
|
| 040 |
|
|
|a SNK
|b slo
|c SNK
|e rda
|
| 041 |
0 |
|
|a cze
|b eng
|
| 044 |
|
|
|a xr
|c CZ
|
| 072 |
|
7 |
|a 81
|x Lingvistika. Jazyky
|2 konspekt
|
| 072 |
|
7 |
|a 811.162.3
|x Čeština
|2 konspekt
|
| 080 |
|
|
|a 81'1
|2 2011
|
| 080 |
|
|
|a 811.162.3
|2 2011
|
| 080 |
|
|
|a 81'35
|2 2011
|
| 080 |
|
|
|a (048.8)
|2 2011
|
| 080 |
|
|
|a 81'42
|2 2011
|
| 100 |
1 |
|
|a Faltýnek, Dan
|4 aut
|9 351583
|
| 245 |
1 |
0 |
|a Co je nového v lingvistice
|c Dan Faltýnek
|
| 250 |
|
|
|a 1. vydání
|
| 264 |
|
1 |
|a Praha
|b Nová beseda, z. s.
|c 2017
|
| 300 |
|
|
|a 93 strán
|b grafy, tabuľky
|c 20 cm
|
| 336 |
|
|
|a text
|b txt
|2 rdacontent
|
| 337 |
|
|
|a bez média
|b n
|2 rdamedia
|
| 338 |
|
|
|a zväzok
|b nc
|2 rdacarrier
|
| 500 |
|
|
|a Biografické údaje o autorovi
|
| 504 |
|
|
|a Bibliografia na strane 86-87 ; register
|
| 546 |
|
|
|a České a anglické resumé
|
| 650 |
0 |
7 |
|a lingvistika
|2 SNKPH
|9 860
|
| 650 |
0 |
7 |
|a Linguistics
|2 SNKPHeng
|9 265222
|
| 650 |
0 |
7 |
|a čeština
|2 SNKPH
|9 1319
|
| 650 |
0 |
7 |
|a Czech language
|2 SNKPHeng
|9 288039
|
| 650 |
0 |
7 |
|a pravopis
|2 SNKPH
|9 868
|
| 650 |
0 |
7 |
|a Orthography and spelling
|2 SNKPHeng
|9 282043
|
| 650 |
0 |
7 |
|a Text linguistics
|2 SNKPHeng
|9 312727
|
| 650 |
0 |
7 |
|a textová lingvistika
|2 SNKPH
|9 87829
|
| 655 |
|
7 |
|a monografie
|2 SNKPH
|9 70139
|
| 655 |
|
7 |
|a Monographs
|2 SNKPHeng
|9 120675
|
| 852 |
|
|
|a Štátna vedecká knižnica v Banskej Bystrici
|
| 919 |
|
|
|a 978-80-906751-4-8
|
| 999 |
|
|
|c 596605
|d 598535
|
| 952 |
|
|
|a SNK
|b SNK
|y VYP
|7 0
|p 17A1330876
|o snkIC 144048
|i snk2018/11414
|8 4
|g 8.40
|0 0
|1 0
|4 0
|d 2018-04-23
|l 0
|r 2026-02-23 15:42:01
|w 2026-02-23
|